| 000 | 00000nam 2200000zi 4500 |
| 001 | 9.943502 |
| 003 | CaOODSP |
| 005 | 20250110180405 |
| 006 | m o d f |
| 007 | cr cn||||||||| |
| 008 | 240923t20242024quc ob f000 0 eng d |
| 020 | |a9780660737720 |
| 040 | |aCaOODSP|beng|erda|cCaOODSP |
| 043 | |an-cn--- |
| 086 | 1 |aCH37-4/31-2024E-PDF |
| 245 | 00|aCanada's action plan on combatting hate. |
| 264 | 1|a[Gatineau, Quebec] : |bCanadian Heritage = Patrimoine canadien, |c[2024] |
| 264 | 4|c©2024 |
| 300 | |a1 online resource (32 pages) |
| 336 | |atext|btxt|2rdacontent |
| 337 | |acomputer|bc|2rdamedia |
| 338 | |aonline resource|bcr|2rdacarrier |
| 500 | |aIssued also in French under title: Plan d'action canadien de lutte contre la haine. |
| 504 | |aIncludes bibliographical references. |
| 650 | 0|aHate crimes|xGovernment policy|zCanada. |
| 650 | 0|aHate crimes|zCanada|xPrevention. |
| 710 | 1 |aCanada. |bCanadian Heritage, |eissuing body. |
| 775 | 08|tPlan d’action canadien de lutte contre la haine.|w(CaOODSP)9.943503 |
| 856 | 40|qPDF|s6.50 MB|uhttps://publications.gc.ca/collections/collection_2025/pch/CH37-4-31-2024-eng.pdf |
| 856 | 40|qHTML|sN/A|uhttps://www.canada.ca/en/canadian-heritage/services/combatting-hate/action-plan.html |